Guess the Flag Only By the Shade Of Red - Statistics

General Stats
  • This quiz has been taken 21 times
  • The average score is 3 of 10
Answer Stats
Colour Country % Correct
EE1C25 China
69%
9E3039 Latvia
56%
B22234 United States
56%
DE0000 Germany
38%
C1272D Morocco
25%
D91023 Peru
25%
E30A17 Turkey
19%
DA121A Panama
13%
CC092F Angola
6%
C81010 Kiribati
6%
No matching quizzes found
Score Distribution
Percent of People with Each Score
Percentile by Number Answered
Your Score History
You have not taken this quiz